| 000 | 00549nam a22002171 4500 | ||
|---|---|---|---|
| 001 | bimo0001037104 | ||
| 003 | OSt | ||
| 005 | 20140503082851.0 | ||
| 008 | 900725s1977 esp spa | ||
| 020 | _a84-313-0427-8 | ||
| 040 |
_aSpMaBN _bspa _cBMC |
||
| 082 | _a370.114 | ||
| 100 | 1 |
_aIsaacs, David _910003 |
|
| 245 | 1 | 3 |
_aLa educación de las virtudes humanas _cDavid Isaacs |
| 250 | _a2ª ed | ||
| 260 | 0 |
_aPamplona _bEUNSA _c1977 |
|
| 300 |
_a288 p. _c18 cm |
||
| 490 | 0 |
_aICE _v19 |
|
| 650 | 2 | 4 |
_910103 _aEducación moral |
| 942 |
_2ddc _cBK |
||
| 999 |
_c4572 _d4572 |
||